[Event "Poznan op 22nd"]
[Site "Poznan"]
[Date "2014.08.15"]
[Round "8"]
[White "Gospodarczyk, Roman"]
[Black "Jedynak, January"]
[Result "1-0"]
[WhiteElo "1943"]
[BlackElo "1613"]
[PlyCount "51"]
[EventDate "2014.08.09"]
[EventType "swiss"]
[EventRounds "9"]
[EventCountry "POL"]
[SourceTitle "CBM 161 Extra"]
[Source "ChessBase"]
[SourceDate "2014.08.29"]
[SourceVersion "1"]
[SourceVersionDate "2014.08.29"]
[SourceQuality "1"]

1. e4 e6 2. d4 d5 3. e5 c5 4. c3 Nc6 5. Nf3 Qb6 6. a3 Bd7 7. b4 cxd4 8. cxd4 Nge7 9. Bb2 Rc8 10. Be2 Nf5 11. g4 Nfe7 12. Nh4 Ng6 13. Nxg6 hxg6 14. Kf1 Na5 15. Nd2 Bb5 16. bxa5 Bxe2+ 17. Kxe2 Qxb2 18. Qa4+ Kd8 19. Rhb1 Rc4 20. Rxb2 Rxa4 21. Rxb7 Rxa5 22. Rb8+ Kc7 23. Rab1 Rxa3 24. R1b7+ Kc6 25. Rxf7 a5 26. Rbb7 1-0

[Event "Poznan op 22nd"]
[Site "Poznan"]
[Date "2014.08.10"]
[Round "3"]
[White "Huchwajda, Grzegorz"]
[Black "Gospodarczyk, Roman"]
[Result "0-1"]
[WhiteElo "1524"]
[BlackElo "1943"]
[PlyCount "50"]
[EventDate "2014.08.09"]
[EventType "swiss"]
[EventRounds "9"]
[EventCountry "POL"]
[SourceTitle "CBM 161 Extra"]
[Source "ChessBase"]
[SourceDate "2014.08.29"]
[SourceVersion "1"]
[SourceVersionDate "2014.08.29"]
[SourceQuality "1"]

1. e4 e6 2. d4 d5 3. exd5 exd5 4. Nf3 Bd6 5. c4 c6 6. Nc3 Nf6 7. c5 Bc7 8. Bd3 Bg4 9. h3 Bh5 10. 0-0 0-0 11. Re1 Re8 12. Be2 Nbd7 13. Be3 Ne4 14. Nxe4 dxe4 15. Nd2 Bxe2 16. Rxe2 Nf6 17. b4 Nd5 18. Qb3 f5 19. g3 Qf6 20. a3 Kh8 21. Kh1 g5 22. Nf1 f4 23. gxf4 gxf4 24. Bd2 f3 25. Re3 Qf5 0-1

[Event "Poznan op"]
[Site "Poznan"]
[Date "2012.??.??"]
[Round "5"]
[White "Rydlewski, Marek"]
[Black "Gospodarczyk, Roman"]
[Result "0-1"]
[WhiteElo "1570"]
[BlackElo "1951"]
[PlyCount "92"]
[EventDate "2012.07.14"]
[EventType "swiss"]
[EventRounds "9"]
[EventCountry "POL"]
[SourceTitle "CBM 149 Extra"]
[Source "ChessBase"]
[SourceDate "2012.08.24"]
[SourceVersion "1"]
[SourceVersionDate "2012.08.24"]
[SourceQuality "1"]

1. e4 e6 2. d4 d5 3. Nc3 Nf6 4. Bg5 Be7 5. e5 Nfd7 6. Bxe7 Qxe7 7. Qd2 0-0 8. f4 f6 9. exf6 Nxf6 10. Bd3 c5 11. dxc5 Qxc5 12. 0-0-0 Nc6 13. h3 Nh5 14. Nge2 Nb4 15. Rhf1 b6 16. a3 Nxd3+ 17. Qxd3 a5 18. g4 Ba6 19. Qd4 Qxd4 20. Rxd4 e5 21. Rxd5 Nxf4 22. Nxf4 Bxf1 23. Ne6 Rf6 24. Ng5 h6 25. Nge4 Rc6 26. h4 Bg2 27. Kd2 Rf8 28. Ke3 Rf7 29. Ke2 Rf4 30. Rd8+ Kh7 31. Nf2 e4 32. Nd5 Rf7 33. Ne3 Bf3+ 34. Ke1 Rcc7 35. Kd2 Rfe7 36. c3 Rcd7+ 37. Rxd7 Rxd7+ 38. Ke1 g6 39. Nc2 Kg7 40. Nd4 Kf6 41. Kd2 Ke5 42. Ke3 a4 43. Nb5 Rd5 44. Nd4 g5 45. h5 Rxd4 46. cxd4+ Kd5 0-1

[Event "POL-chT3 Wielkopolska 1112"]
[Site "Poland"]
[Date "2011.??.??"]
[Round "2.10"]
[White "Gospodarczyk, Roman"]
[Black "Anglart, Edward"]
[Result "1/2-1/2"]
[WhiteElo "1974"]
[BlackElo "1871"]
[PlyCount "85"]
[EventDate "2011.11.27"]
[EventType "team-tourn"]
[EventRounds "11"]
[EventCountry "POL"]
[SourceTitle "EXT 2014"]
[Source "ChessBase"]
[SourceDate "2013.11.20"]
[SourceVersion "1"]
[SourceVersionDate "2013.11.20"]
[SourceQuality "1"]
[WhiteTeam "Poznan Komandoria"]
[BlackTeam "Wolsztyn UKS Szach"]
[WhiteTeamCountry "POL"]
[BlackTeamCountry "POL"]

1. e4 c5 2. Nc3 g6 3. f4 Bg7 4. Nf3 Nc6 5. Bc4 e6 6. 0-0 Nge7 7. Bb3 d5 8. e5 a6 9. a4 Qb6 10. Kh1 0-0 11. d3 Nf5 12. g4 Nfd4 13. Nxd4 Nxd4 14. a5 Qd8 15. g5 b5 16. axb6 Qxb6 17. Ba4 Bb7 18. Ne2 Nb5 19. Bxb5 axb5 20. Rxa8 Rxa8 21. d4 c4 22. Rf3 b4 23. h4 Ra1 24. h5 Qa5 25. c3 Bf8 26. Qc2 Bc6 27. cxb4 Bxb4 28. hxg6 hxg6 29. Nc3 Qb6 30. Qd2 Ba4 31. Kg2 Bb3 32. Rh3 Bf8 33. Rh1 Bg7 34. Kg3 Qa5 35. Kg4 Qb6 36. Kf3 Qb4 37. Kg4 Bf8 38. Qh2 Bg7 39. Qd2 Bf8 40. Qh2 Bg7 41. Qf2 Qb6 42. Qd2 Ra5 43. Kf3 1/2-1/2

[Event "POL-chT3 Wielkopolska 1112"]
[Site "Poland"]
[Date "2011.??.??"]
[Round "1.33"]
[White "Gospodarczyk, Roman"]
[Black "Wojtkowski, Pawel"]
[Result "1/2-1/2"]
[WhiteElo "1974"]
[BlackElo "1974"]
[PlyCount "42"]
[EventDate "2011.11.27"]
[EventType "team-tourn"]
[EventRounds "11"]
[EventCountry "POL"]
[SourceTitle "EXT 2014"]
[Source "ChessBase"]
[SourceDate "2013.11.20"]
[SourceVersion "1"]
[SourceVersionDate "2013.11.20"]
[SourceQuality "1"]
[WhiteTeam "Poznan Komandoria"]
[BlackTeam "Srem LKS Piast"]
[WhiteTeamCountry "POL"]
[BlackTeamCountry "POL"]

1. e4 c5 2. Nc3 d6 3. f4 g6 4. Nf3 Bg7 5. Bc4 Nf6 6. d3 Nc6 7. 0-0 0-0 8. Qe1 e6 9. Bb3 a6 10. a4 Rb8 11. h3 b5 12. axb5 axb5 13. g4 Nd7 14. Qg3 Nd4 15. Nxd4 cxd4 16. Ne2 Nc5 17. f5 Nxb3 18. cxb3 exf5 19. gxf5 Rb6 20. Bg5 Bf6 21. Bxf6 Qxf6 1/2-1/2

[Event "Poznan op 19th"]
[Site "Poznan"]
[Date "2010.08.03"]
[Round "3"]
[White "Szelag, Marcin"]
[Black "Gospodarczyk, Roman"]
[Result "1-0"]
[WhiteElo "2455"]
[BlackElo "1949"]
[PlyCount "115"]
[EventDate "2010.08.01"]
[EventType "swiss"]
[EventRounds "9"]
[EventCountry "POL"]
[SourceTitle "CBM 138 Extra"]
[Source "ChessBase"]
[SourceDate "2010.10.29"]
[SourceVersion "1"]
[SourceVersionDate "2010.10.29"]
[SourceQuality "1"]

1. e4 e6 2. d4 d5 3. Nc3 Nf6 4. e5 Nfd7 5. f4 c5 6. Nf3 Nc6 7. Be3 a6 8. Qd2 cxd4 9. Nxd4 Nxd4 10. Bxd4 Bc5 11. 0-0-0 Bxd4 12. Qxd4 0-0 13. h4 Qb6 14. Qd2 f6 15. exf6 Nxf6 16. Be2 Qf2 17. h5 b5 18. Qd4 Qxd4 19. Rxd4 Bd7 20. Re1 Rab8 21. a3 Rfc8 22. Bf3 Re8 23. g4 Bc6 24. Kd2 Kf7 25. Re3 Kg8 26. b3 Kf7 27. g5 Nd7 28. f5 exf5 29. Bxd5+ Bxd5 30. Rxd5 Rbd8 31. Red3 Ke7 32. Rxf5 Nb6 33. Ne4 Ke6 34. Rc5 Rxd3+ 35. cxd3 Rc8 36. b4 Rxc5 37. bxc5 Na4 38. d4 Kd5 39. Nc3+ Nxc3 40. Kxc3 a5 41. Kd3 g6 42. h6 Ke6 43. c6 Kd6 44. d5 Kc7 45. Kc3 Kd6 46. Kd4 b4 47. axb4 axb4 48. Kc4 b3 49. Kxb3 Kxd5 50. c7 Ke5 51. c8Q Kf4 52. Qc5 Ke4 53. Kc3 Kf4 54. Kd3 Kg4 55. Ke4 Kh3 56. Qg1 Kh4 57. Kf4 Kh5 58. Qg4# 1-0